Culture / (Record no. 49356)

MARC details
000 -LEADER
fixed length control field 00581nam a22001937a 4500
008 - FIXED-LENGTH DATA ELEMENTS--GENERAL INFORMATION
fixed length control field 170315b xxu||||| |||| 00| 0 eng d
020 ## - INTERNATIONAL STANDARD BOOK NUMBER
International Standard Book Number 9780077521752
050 ## - LIBRARY OF CONGRESS CALL NUMBER
Classification number GN25
Item number .G46 2012
100 ## - MAIN ENTRY--PERSONAL NAME
Personal name Gezon, Lisa L
245 ## - TITLE STATEMENT
Title Culture /
Statement of responsibility, etc Lisa Gezon, Conrad Kottak
250 ## - EDITION STATEMENT
Edition statement 1st ed
260 ## - PUBLICATION, DISTRIBUTION, ETC. (IMPRINT)
Place of publication, distribution, etc New York, NY :
Name of publisher, distributor, etc McGraw-Hill,
Date of publication, distribution, etc 2012
300 ## - PHYSICAL DESCRIPTION
Extent xv, 297 p. :
Other physical details col. ill., col. maps ;
Dimensions 28 cm
500 ## - GENERAL NOTE
General note Includes bibliographical references and index
650 ## - SUBJECT ADDED ENTRY--TOPICAL TERM
Topical term or geographic name as entry element Anthropology
650 ## - SUBJECT ADDED ENTRY--TOPICAL TERM
Topical term or geographic name as entry element Culture
700 ## - ADDED ENTRY--PERSONAL NAME
Personal name Kottak, Conrad Phillip
942 ## - ADDED ENTRY ELEMENTS (KOHA)
Source of classification or shelving scheme Library of Congress Classification
Item type Book
Holdings
Withdrawn status Lost status Source of classification or shelving scheme Damaged status Not for loan Collection code Home library Current library Shelving location Date acquired Source of acquisition Cost, normal purchase price Total Checkouts Full call number Barcode Copy number Price effective from Koha item type
    Library of Congress Classification     Non-fiction Nakuru Campus Nakuru Campus General Circulation 15/03/2017 Donation-BFA 2000.00   GN25 .G46 2012 051731 1 15/03/2017 Book